000 00376nam a22001577a 4500
003 MPLRDC
005 20220104123815.0
008 210129b ||||| |||| 00| 0 eng d
082 _a856.9 NF-2
100 _a农妇
245 _a水车集
_c
260 _a
_b天地图书有限公司
_c1985
300 _b
650 _a函牍及杂著--杂项
942 _cBK
_o856.9 NF-2
999 _c14356
_d14346